| 000 | 00646nam a2200241Ia 4500 | ||
|---|---|---|---|
| 003 | OSt | ||
| 005 | 20221005122352.0 | ||
| 006 | a|||||r|||| 00| 0 | ||
| 007 | ta | ||
| 008 | 221004b |||||||| |||| 00| 0 eng d | ||
| 024 | _a51344 | ||
| 037 | _cTextual | ||
| 040 |
_aCRL _cCRL _beng |
||
| 041 |
_2eng _aeng |
||
| 082 | _aQ4:1, J6-;1 | ||
| 100 |
_aBeswick Ethel _9607022 |
||
| 245 | 0 |
_aJataka tales _b Birth stories of the Buddha |
|
| 260 | _c1956 | ||
| 490 | _a(Wisdom of the east series,ed.by J.L.Cranmer-Byng,1956). | ||
| 650 | _aRELIGION | ||
| 942 |
_hQ4:1, J6-;1 _cTEXL _2cc |
||
| 999 |
_c1044056 _d1044056 |
||